00769nam a2200229 i 450000100060000000300090000600500170001500700030003200800410003510000270007624500650010325000320016826000360020030000200023649000340025650500760029065000550036670000210042170000330044283000340047585200300050934668ES-MaACL20230906154957.0t|030207s1973 fr ||||1| fre d1 aBoisdeffre, Pierre de.10aMétamorphose de la littérature / cPierre de Boisdeffre. aEd. rev. et mise áa jour. aVerviers : bMarabout, c[1973] a1 v. ; c18 cm.1 aMarabout université ; v2468 aContiene: T. I: Barrès, Gide, Mauriac, Bernanos, Montherlant, Malraux 4aLiteratura francesa-yS.XX-xHistoria y crítica.1 aNúñez, Luis.1 aMartín Baro, Luis Alberto.0 aMarabout université ; v246 aES-MaACLjP-62 bR.113233